Statistics for History of the United States - Picture Quiz

Click here to take the quiz!

General Stats

  • This quiz has been taken 289 times
  • The average score is 13 of 18

Answer Stats

Answer% Correct
Abraham Lincoln
96%
Uncle Sam
92%
Benjamin Franklin
90%
Rosa Parks
89%
Boston Tea Party
84%
American Civil War
81%
Great Depression
78%
U.S. Declaration of Independence
78%
Gold Rush
70%
Battle of the {Alamo}
69%
Louisiana Purchase
69%
Woodstock
69%
Battle of {Iwo} {Jima}
58%
{Lewis} and {Clark} Expedtion
58%
Pocahontas
55%
Mayflower
52%
Geronimo
47%
M4 {Sherman}
33%

Score Distribution

Percentile by Number Answered

Percent of People with Each Score

Your Score History

You have not taken this quiz